Soupis vydání básně Máj Karla Hynka Máchy : ke 155. výročí básníkova úmrtí /

Hlavní autor: Stejskal, Josef, bibliograf
Další autoři: Mácha, Karel Hynek, 1810-1836
Jazyk: Čeština
Vydáno: Plzeň : Knihovna města Plzně, 1990
Témata:
Fyzický popis: 59 s.
Knihy
Uloženo v:
LEADER 00824nam a22002172a 4500
001 000091897
003 CZ BrMZK
005 20050929131117.0
008 010907s1990 xr f cze d
040 |a BOA001  |b cze 
080 |a 885.0-14 Máj :014.5  |2 MRF 
080 |a 885.0"18":929 Mácha, Karel Hynek:016  |2 MRF 
100 1 |a Stejskal, Josef,  |c bibliograf 
245 1 0 |a Soupis vydání básně Máj Karla Hynka Máchy :  |b ke 155. výročí básníkova úmrtí /  |c sestavil Josef Stejskal. 
260 |a Plzeň :  |b Knihovna města Plzně,  |c 1990 
300 |a 59 s. 
700 1 |a Mácha, Karel Hynek,  |d 1810-1836  |7 jk01072915 
910 |a BOA001  |b PK-0115.377 
964 |a Mácha, Karel Hynek - Máj - vydání - soupisy 
990 |a BK 
996 7 |b 3119969930  |c PK-0115.377  |l MZK  |r Sklad / do 1 hodiny  |n 2  |w 000091897  |u 000010  |a 1  |e BOA001  |j MZK50  |s A